Perfect strangers = Seduciendo a un extraño (Registro nro. 37430)

Detalles MARC
000 -ENCABEZADO
Número de control [NR] 01588nam a2200241Ia 4500
008 - DE LONGITUD FIJA DE DATOS DE ELEMENTOS - INFORMACIÓN GENERAL
Elementos de longitud fija [NR] 130821s2007 xxua gs mul
040 ## - FUENTE DE CATALOGACION [NR]
Agencia de catalogación original [NR] Co-BoUCM
Idioma de catalogación [NR] spa
041 00 - CODIGO DE IDIOMA [R]
Código de idioma para texto/pista de sonido o título separado [R]
090 ## - ASIGNADAS LOCALMENTE LC-TIPO DE LLAMADA NÚMERO (OCLC), NÚMERO DE LLAMADA LOCAL (RLIN)
Classification number (OCLC) (R) ; Classification number, CALL (RLIN) (NR) DVD 0689
245 00 - MENCION DE TITULO [NR]
Título [NR] Perfect strangers = Seduciendo a un extraño
Mención de responsabilidad, etc. [NR] director James Foley.
260 ## - PUBLICACION, DISTRIBUCION, ETC. (PIE DE IMPRENTA) [R]
Lugar de publicación, distribución, etc. [R] Washington D.C. (Estados Unidos)
Nombre del editor, distribuidor, etc. [R] Columbia Pictures
Fecha de publicación, distribución, etc. [R] 2007
300 ## - DESCRIPCION FISICA [R]
Extensión [R] a DVD
Otros detalles físicos [NR] son col
508 ## - NOTA DE CREDITOS DE CREACION/PRODUCCION [R]
Nota de créditos de creación/producción [NR] Créditos: Director James Foley ; Halle Berry, Bruce Willis, Giovanni Ribisi, Gary Dourdan, Patti D'Arbanville, Clea Lewis ; Guión: Todd Komarnicki.
520 0# - NOTA DE RESUMEN, ETC. [R]
Nota de sumario, etc. [NR] Sinopsis: Siguiendo las pistas del asesinato sin resolver de uno de sus amigos de infancia, la periodista Nowena Price (Halle Berry), decide investigar por su cuenta, hasta dar con el culpable. En su búsqueda por la Red, da con uno de sus principales sospechosos, el multimillonario Harrison Hills (Bruce Willis). Con la ayuda del profesional de la informática y hacker, Miles Haley (Giovanni Ribisi), y aprovechando el anonimato de Internet, Nowena espera hacer justicia.
546 ## - NOTA DE IDIOMA [R]
Nota de idioma [NR] Audio en inglés, español, portugues, tailandés. Subtítulos en inglés, español, portugués, tailandés, chino, coreano.
650 04 - ASIENTO SECUNDARIO DE MATERIA - TERMINO TEMATICO [R]
Término temático o nombre geográfico como elemento de entrada [NR] Ciencia ficción
Subdivisión geográfica [R] Estados Unidos
9 (RLIN) 10774
650 04 - ASIENTO SECUNDARIO DE MATERIA - TERMINO TEMATICO [R]
Término temático o nombre geográfico como elemento de entrada [NR] Cine y literatura
Subdivisión geográfica [R] Estados Unidos
9 (RLIN) 10855
650 04 - ASIENTO SECUNDARIO DE MATERIA - TERMINO TEMATICO [R]
Término temático o nombre geográfico como elemento de entrada [NR] Entretenimiento
9 (RLIN) 26487
650 04 - ASIENTO SECUNDARIO DE MATERIA - TERMINO TEMATICO [R]
Término temático o nombre geográfico como elemento de entrada [NR] Películas de aventuras
Subdivisión geográfica [R] Estados Unidos
9 (RLIN) 21236
650 04 - ASIENTO SECUNDARIO DE MATERIA - TERMINO TEMATICO [R]
Término temático o nombre geográfico como elemento de entrada [NR] Películas de misterio
Subdivisión geográfica [R] Estados Unidos
9 (RLIN) 21238
856 04 - LOCALIZACION Y ACCESO ELECTRONICOS [R]
Identificador Uniforme del Recurso (“URI”) [R] <a href="http://www.youtube.com/watch?v=nXHxd3wDzL4">http://www.youtube.com/watch?v=nXHxd3wDzL4</a>
Nota dirigida al público [R] Siga este vínculo para ver el trailer.
942 ## - ELEMENTOS DE ENTRADA AGREGADOS (KOHA)
Tipo de ítem principal el descrito en 300a Multimedia
Sistema de clasificación LOCAL
Tema principal Entretenimiento
Edición 1
Existencias
Total préstamos Código de barras Última vez visto Volúmen / Fascículo Ejemplar Price effective from Tipo de ítem Perdido Sistema de clasificación Dañado No prestable Tipo de ítem específico Suprimido Ubicación habitual Ubicación actual Localización Fecha de creación Forma de adquisición Costo Fecha de último préstamo
2 100125829 10/12/2024 DVD 0689 Ej.2 03/02/2013 Multimedia   DEWEY     DVD   Claustro Claustro Colección digital 19/02/2013   26000.00 28/09/2012
  100123812 09/12/2025 DVD 0689 Ej.1 03/02/2013 Multimedia   DEWEY   Préstamo restringido DVD   Procesos Técnicos Procesos Técnicos (no para préstamo) Procesos Técnicos 28/02/2012   26000.00